Rising hindutva & its impact on the region (Record no. 526362)
[ view plain ]
| 000 -LEADER | |
|---|---|
| fixed length control field | 00431nam a22001457a 4500 |
| 003 - CONTROL NUMBER IDENTIFIER | |
| control field | NUST |
| 020 ## - INTERNATIONAL STANDARD BOOK NUMBER | |
| International Standard Book Number | 9789697621040 |
| 038 ## - RECORD CONTENT LICENSOR | |
| Staff Name | Muhammad Ibrahim |
| 082 ## - DEWEY DECIMAL CLASSIFICATION NUMBER | |
| Classification number | 320.2945 |
| Author Mark | HAL 2018 |
| 100 ## - MAIN ENTRY--PERSONAL NAME | |
| Personal name | Hali,Sultan Mahmood |
| 9 (RLIN) | 17356 |
| 245 ## - TITLE STATEMENT | |
| Title | Rising hindutva & its impact on the region |
| Statement of responsibility, etc. | Sultan Mahmood Hali |
| 260 ## - PUBLICATION, DISTRIBUTION, ETC. | |
| Place of publication, distribution, etc. | Islamabad |
| Name of publisher, distributor, etc. | Rumi Academy |
| Date of publication, distribution, etc. | 2018. |
| 300 ## - PHYSICAL DESCRIPTION | |
| Extent | xxxiv, 342 p |
| Other physical details | illustrations, portraits |
| Dimensions | 25 cm. |
| 942 ## - ADDED ENTRY ELEMENTS (KOHA) | |
| Source of classification or shelving scheme | |
| Koha item type | Book |
| Withdrawn status | Lost status | Source of classification or shelving scheme | Damaged status | Not for loan | Permanent Location | Current Location | Shelving location | Date acquired | Total Checkouts | Total Renewals | Full call number | Barcode | Date last seen | Date last checked out | Price effective from | Koha item type |
|---|---|---|---|---|---|---|---|---|---|---|---|---|---|---|---|---|
| Centre for International Peace & Stability (CIPS) | Centre for International Peace & Stability (CIPS) | General Stacks | 07/08/2019 | 1 | 2 | 320.2945 HAL 2018 | CIPSD0000518 | 09/19/2024 | 04/29/2024 | 07/11/2019 | Book |
